Labor markets, unions, and government policies.

Bibliographic Details
Main Author: Burtt, Everett J. (Everett Johnson), Jr., 1914-1989
Format: Book
Language:English
Published: New York : St. Martin's Press, [1963]
Subjects:

MARC

Tag First Indicator Second Indicator Subfields
LEADER 00000cam a2200000 4500
001 in00000067668
005 20151008050200.0
008 721025s1963 nyu b 00000 eng u
010 |a  63010686  
035 |a (OCoLC)00476889 
035 |9 AAF9976AM 
040 |c CSU  |d TXA  |d UtOrBLW 
049 |a TXAM  |c [402792] 
050 0 |a HD8072  |b .B88 
092 |a 331.1973  |b B973 
100 1 |a Burtt, Everett J.  |q (Everett Johnson),  |c Jr.,  |d 1914-1989. 
245 1 0 |a Labor markets, unions, and government policies. 
264 1 |a New York :  |b St. Martin's Press,  |c [1963] 
300 |a 454p :  |b illustrations ;  |c 24cm. 
336 |a text  |b txt  |2 rdacontent 
337 |a unmediated  |b n  |2 rdamedia 
338 |a volume  |b nc  |2 rdacarrier 
504 |a Includes bibliography. 
650 0 |a Working class  |z United States  |y 1914- 
650 0 |a Labor unions  |z United States. 
650 0 |a Labor economics. 
650 0 |a Industrial relations  |z United States. 
650 0 |a Labor laws and legislation  |z United States. 
650 0 |a Labor movement  |z United States  |y 1914- 
650 0 |a Labor  |z United States  |y 1914- 
999 |a MARS 
999 f f |s 579c5534-4bcb-3e6e-9810-749bca546dc4  |i 6ee51ceb-2287-3d5e-aa45-ba9f2ed30c85  |t 0 
952 f f |p ric  |a Texas A&M University  |b Rellis Campus  |c Joint Library Facility  |d Remote Storage  |t 0  |e HD8072 .B88  |h Library of Congress classification  |i unmediated -- volume  |m A14800717426 
998 f f |a HD8072 .B88  |t 0  |l Remote Storage